LEADER 01804oam 2200493M 450 001 9910716202503321 005 20200213070535.7 035 $a(CKB)5470000002520105 035 $a(OCoLC)1065848925 035 $a(OCoLC)995470000002520105 035 $a(EXLCZ)995470000002520105 100 $a20071213d1926 ua 0 101 0 $aeng 135 $aurcn||||||||| 181 $ctxt$2rdacontent 182 $cc$2rdamedia 183 $acr$2rdacarrier 200 10$aA.E. Stone. May 3, 1926. -- Committed to the Committee of the Whole House and ordered to be printed 210 1$a[Washington, D.C.] :$c[U.S. Government Printing Office],$d1926. 215 $a1 online resource (2 pages) 225 1 $aHouse report / 69th Congress, 1st session. House ;$vno. 1061 225 1 $a[United States congressional serial set ] ;$v[serial no. 8533] 300 $aBatch processed record: Metadata reviewed, not verified. Some fields updated by batch processes. 300 $aFDLP item number not assigned. 606 $aClaims 606 $aMilitary appointments 606 $aWorld War, 1914-1918 606 $aMilitary chaplains 607 $aUnited States$xArmed Forces$xOfficers 607 $aUnited States$xArmed Forces$xNon-commissioned officers 608 $aLegislative materials.$2lcgft 615 0$aClaims. 615 0$aMilitary appointments. 615 0$aWorld War, 1914-1918. 615 0$aMilitary chaplains. 701 $aStephens$b Ambrose Everett Burnside$f1862-1927$pRepublican (OH)$01389558 801 0$bWYU 801 1$bWYU 801 2$bOCLCO 801 2$bOCLCQ 906 $aBOOK 912 $a9910716202503321 996 $aA.E. Stone. May 3, 1926. -- Committed to the Committee of the Whole House and ordered to be printed$93456203 997 $aUNINA LEADER 03756nam 2200709 a 450 001 9910965794203321 005 20240514031844.0 010 $a9786613280145 010 $a9781283280143 010 $a1283280140 010 $a9789027275493 010 $a9027275491 024 7 $a10.1075/nlp.1 035 $a(CKB)2670000000114137 035 $a(EBL)769695 035 $a(OCoLC)751695224 035 $a(SSID)ssj0000685785 035 $a(PQKBManifestationID)11402902 035 $a(PQKBTitleCode)TC0000685785 035 $a(PQKBWorkID)10731043 035 $a(PQKB)10361571 035 $a(MiAaPQ)EBC769695 035 $a(Au-PeEL)EBL769695 035 $a(CaPaEBR)ebr10500260 035 $a(DE-B1597)720568 035 $a(DE-B1597)9789027275493 035 $a(EXLCZ)992670000000114137 100 $a20000623d2000 uy 0 101 0 $aeng 135 $aur|n|---||||| 181 $ctxt 182 $cc 183 $acr 200 00$aAbduction, belief and context in dialogue $estudies in computational pragmatics /$fedited by Harry Bunt, William Black 205 $a1st ed. 210 $aAmsterdam ;$aPhiladelphia $cJ. Benjamins$dc2000 215 $a1 online resource (477 p.) 225 1 $aNatural language processing,$x1567-8202 ;$vv. 1 300 $aDescription based upon print version of record. 311 08$a9789027249838 311 08$a9027249830 320 $aIncludes bibliographical references and index. 327 $aAbduction, Belief and Context in DialogueStudies in Computational Pragmatics; Editorial page; Title page; Copyright page; Table of contents; The ABC of Computational Pragmatics; An activity-based approach to pragmatics; Dialogue pragmatics and context specification; Pragmatics in language understanding and cognitively motivated architectures; Dialogue analysis using layered protocols; Coherence and structure in text and discourse; Discourse focus tracking; Speech act theory and epistemic planning; Context and form: declarative or interrogative, that is the question 327 $aThe doxastic-epistemic force of declarative utterancesA conceptual modelling approach to the implementation of beliefs and intentions; Abduction and induction: a real distinction?; Laconic discourses and total eclipses: abduction in DICE; Abductive reasoning with knowledge bases for context modelling; Abductive speech act recognition, corporate agents, and the COSMA system; List of Contributors; Index 330 $aLanguage is always generated and interpreted in a certain context, and the semantic, syntactic, and lexical properties of linguistic expressions reflect this. Interactive language understanding systems, such as language-based dialogue systems, therefore have to apply contextual information to interpret their inputs and to generate appropriate outputs, but are in practice very poor at this. This book contains a number of studies in Computational Pragmatics, the newly emerging field of study of how contextual information can be effectively brought to bear in language understanding and generation 410 0$aNatural language processing (Amsterdam, Netherlands) ;$vv. 1. 606 $aPragmatics$xData processing 606 $aDialogue analysis$xData processing 606 $aDiscourse analysis$xData processing 615 0$aPragmatics$xData processing. 615 0$aDialogue analysis$xData processing. 615 0$aDiscourse analysis$xData processing. 676 $a306.44 701 $aBunt$b Harry C$0324367 701 $aBlack$b W. J$01801527 801 0$bMiAaPQ 801 1$bMiAaPQ 801 2$bMiAaPQ 906 $aBOOK 912 $a9910965794203321 996 $aAbduction, belief and context in dialogue$94346803 997 $aUNINA